00559nam a2200157 i 450000100060000000300090000600700030001500800410001802000180005910000220007724501590009926000640025830000090032250000360033185200340036764979ES-MaACLt|040107s1981 sp ||||1| spa d a84-600-2406-71 aFoz y Foz, Pilar.13aLa revolución pedagógica en Nueva España b: 1754-1820 : (María Ignacia de Azlor y Echeverz y los colegios de la enseñanza) / cPilar Foz y Foz. aMadrid : bInstituto Gonzalo Fernández de Oviedo, c1981. a2 v. aEl v. 2: Apéndice documental. aES-MaACLjL-8685-6 bR.109320